| 000 | 00815nam a2200253 a 4500 | ||
|---|---|---|---|
| 001 | 000022182 | ||
| 003 | DO-SdBNP | ||
| 005 | 20260123084624.0 | ||
| 008 | 100917s1965 ve r 000 0 spa d | ||
| 040 |
_aDO-SdBNP _bspa _cBNPHU |
||
| 082 | 4 |
_a345 _bS715d _222 |
|
| 100 | 1 |
_aSosa Chacin, Jorge _945898 |
|
| 245 | 1 | 0 |
_aDerecho penal / _cJorge Sosa Chacin. |
| 260 |
_aCaracas, (Venezuela) : _bUniversidad Católica Andres bello; _bEditorial Sucre, _c1965. |
||
| 300 |
_a371 p. ; _c23 cm. |
||
| 504 | _aIncluye referencias bibliográficas | ||
| 504 | _aIncluye notas al pie de las páginas. | ||
| 505 | 0 |
_tIntroducción - La ley penal _g1 |
|
| 650 | 4 |
_aDerecho penal _917405 |
|
| 650 | 0 |
_aDerecho penal _xHistoria _917405 |
|
| 650 | 0 |
_aDerecho procesal _9555 |
|
| 650 | 0 |
_aDerecho romano _91818 |
|
| 942 |
_2ddc _cLBS1 |
||
| 999 |
_c21680 _d21680 |
||